The Shape of the Beast (Record no. 63032)

000 -LEADER
fixed length control field 00499nam a22001937a 4500
003 - CONTROL NUMBER IDENTIFIER
control field NUST - PNEC
005 - DATE AND TIME OF LATEST TRANSACTION
control field 20170116180802.0
008 - FIXED-LENGTH DATA ELEMENTS--GENERAL INFORMATION
fixed length control field 150416b xxu||||| |||| 00| 0 eng d
020 ## - INTERNATIONAL STANDARD BOOK NUMBER
International Standard Book Number 9780670082070
040 ## - CATALOGING SOURCE
Transcribing agency LIBRARY
082 ## - DEWEY DECIMAL CLASSIFICATION NUMBER
Classification number 828.91409 ROY
100 ## - MAIN ENTRY--PERSONAL NAME
9 (RLIN) 2678
Personal name Roy, Arundhati"
245 ## - TITLE STATEMENT
Title The Shape of the Beast
Statement of responsibility, etc. Arundhati Roy
250 ## - EDITION STATEMENT
Edition statement 1st ed
260 ## - PUBLICATION, DISTRIBUTION, ETC.
Place of publication, distribution, etc. New Delhi
Name of publisher, distributor, etc. Penguin
Date of publication, distribution, etc. c2008.
300 ## - PHYSICAL DESCRIPTION
Extent 271p. :
650 ## - SUBJECT ADDED ENTRY--TOPICAL TERM
9 (RLIN) 2679
Topical term or geographic name entry element Social sciences)
General subdivision General
942 ## - ADDED ENTRY ELEMENTS (KOHA)
Source of classification or shelving scheme
Koha item type Book
Holdings
Withdrawn status Lost status Source of classification or shelving scheme Damaged status Not for loan Permanent Location Current Location Shelving location Date acquired Source of acquisition Cost, normal purchase price Total Checkouts Full call number Barcode Date last seen Cost, replacement price Price effective from Koha item type
          Pakistan Navy Engineering College (PNEC) Pakistan Navy Engineering College (PNEC)   11/22/2008 Liberty Book Store 1125.00   828.91409 ROY PNECLIB-028784 04/16/2015 1125.00 11/22/2008 Book
© 2023 Central Library, National University of Sciences and Technology. All Rights Reserved.